000 00485cam a2200181ua 4500
020 _c5.50
041 _aeng
_h
082 _a519.5
_bSPI/SC
100 _aSpiegel R, Murray .
245 _aSchaum`s cutline of Theory and problems of statistics in is units /
_cMurray Spiegel R.
_hTextual Documents
250 _a1 /
_b.
260 _aNew York :
_bMcGraw Hill Book Company ,
_c1951.
300 _a ; .
365 _a5.50
504 _a
942 _cBK
999 _c3321
_d3321